00530 a2200193 4500001000700000003000400007005001700011008004100028082001800069100002000087245009100107260003100198300000900229653001600238653001600254653001800270653002800288700002000316148739OSt20211011173651.0  a511.313bC35R1 aCastillo, Oscar1 aRecent advances in interval type-2 fuzzy systemscby Oscar Castillo and Patricia Melin aHeidelbergbSpringerc2012 a90p. aMathematics aFuzzy logic aFuzzy systems aArtificial intelligence aMelin, Patricia